El alma de Galicia / (Record no. 150752)

MARC details
000 -LEADER
campo de control de longitud fija 01196nam a2200289 i 4500
001 - NÚMERO DE CONTROL
campo de control 150752
003 - IDENTIFICADOR DE NÚMERO DE CONTROL
campo de control ES-MaACL
005 - FECHA Y HORA DE LA ÚLTIMA TRANSACCIÓN
campo de control 20260112144021.0
007 - CAMPO FIJO DE DESCRIPCIÓN FÍSICA--INFORMACIÓN GENERAL
campo de control de longitud fija t|
008 - DATOS DE LONGITUD FIJA--INFORMACIÓN GENERAL
campo de control de longitud fija 071108s1922 sp ac |||| |dspa d
100 1# - ENTRADA PRINCIPAL--NOMBRE DE PERSONA
Nombre de persona Estévez-Ortega, Enrique.
9 (RLIN) 48167
245 13 - MENCIÓN DEL TÍTULO
Título El alma de Galicia /
Mención de responsabilidad, etc. E. Estévez Ortega ; prólogo de El Caballero Audaz ; ilustraciones de Bujados, Castelao, Fresno, Jaime, Juan Luis, Muguruza, Ribas, Sirio, Sotomayor y Zas.
260 ## - PUBLICACIÓN, DISTRIBUCIÓN, ETC.
Lugar de publicación, distribución, etc. Madrid :
Nombre del editor, distribuidor, etc. Mundo Latino,
Fecha de publicación, distribución, etc. 1922?] (
Fabricante Imp. G. Hernández y Galo Sáez)
300 ## - DESCRIPCIÓN FÍSICA
Extensión 315 p. :
Otras características físicas il., retr. ;
Dimensiones 19 cm.
594 ## - Nota al título y mención de responsabilidad
Nota al título y mención de responsabilidad El Caballero Audaz: seudónimo de José María Carretero.
599 ## - NOTA A LAS ILUSTRACIONES
NOTA A LAS ILUSTRACIONES Las il. son caricaturas de los 25 personajes gallegos tratados en la obra.
650 #4 - PUNTO DE ACCESO ADICIONAL DE MATERIA--TÉRMINO DE MATERIA
Término de materia o nombre geográfico como elemento de entrada Gallegos-
Subdivisión de forma Biografías.
9 (RLIN) 136160
700 1# - ENTRADA AGREGADA--NOMBRE PERSONAL
Nombre de persona El Caballero Audaz.
9 (RLIN) 33095
700 1# - ENTRADA AGREGADA--NOMBRE PERSONAL
Nombre de persona Bujados, Manuel (
Fechas asociadas al nombre 1889-1954)
9 (RLIN) 166873
700 1# - ENTRADA AGREGADA--NOMBRE PERSONAL
Nombre de persona Castelao,
Fechas asociadas al nombre 1886-1950
9 (RLIN) 36475
700 0# - ENTRADA AGREGADA--NOMBRE PERSONAL
Nombre de persona Fresno,
Fechas asociadas al nombre 1881-1949
9 (RLIN) 169727
700 1# - ENTRADA AGREGADA--NOMBRE PERSONAL
Nombre de persona Ribas, Federico,
Fechas asociadas al nombre 1890-1952
9 (RLIN) 166875
700 1# - ENTRADA AGREGADA--NOMBRE PERSONAL
Nombre de persona Sirio, Alejandro.
9 (RLIN) 106679
700 1# - ENTRADA AGREGADA--NOMBRE PERSONAL
Nombre de persona Alvarez de Sotomayor, Fernando.
9 (RLIN) 20775
852 ## - LOCALIZACIÓN
Ubicación ES-MaACL
Número de control de estantería F-10718
Holdings
Estatus retirado Estado de pérdida Estado de daño No para préstamo Biblioteca de origen Biblioteca actual Ubicación en estantería Fecha de adquisición Fuente de adquisición Total de préstamos Signatura topográfica completa Código de barras Visto por última vez Precio de reemplazo Tipo de ítem Koha
        Biblioteca del Ateneo de Madrid Biblioteca del Ateneo de Madrid Sala Pecera Planta 2 17/01/2008     F-10718 1157301 23/02/2023 23/02/2023 Libro impreso